(Khmer) Napoleon Emperor and conqueror / (Record no. 49236)
| 000 -LEADER | |
|---|---|
| fixed length control field | 00290nam a2200097 4500 |
| 020 ## - INTERNATIONAL STANDARD BOOK NUMBER | |
| International Standard Book Number | 9789996323898 |
| 245 ## - TITLE STATEMENT | |
| Title | (Khmer) Napoleon Emperor and conqueror / |
| Statement of responsibility, etc | Translated by Prajna Sambath. |
| 260 ## - PUBLICATION, DISTRIBUTION, ETC. (IMPRINT) | |
| Place of publication, distribution, etc | Cambodia: |
| Name of publisher, distributor, etc | Idea Books; |
| Date of publication, distribution, etc | 2011. |
| 300 ## - PHYSICAL DESCRIPTION | |
| Extent | 93 p. |
| Other physical details | ill. |
| Dimensions | 20 cm. |
| 942 ## - ADDED ENTRY ELEMENTS (KOHA) | |
| Source of classification or shelving scheme | |
| Koha item type | Khmer NON FIC Books |
| Withdrawn status | Lost status | Source of classification or shelving scheme | Damaged status | Not for loan | Collection code | Home library | Current library | Shelving location | Date acquired | Full call number | Barcode | Date last seen | Price effective from | Koha item type |
|---|---|---|---|---|---|---|---|---|---|---|---|---|---|---|
| Siem Riep | Asian Hope Secondary Library | Asian Hope Secondary Library | 08/11/2025 | KHMER 944.05 PRA | 208719 | 01/16/2026 | 08/11/2025 | Khmer NON FIC Books |